000 00213 a2200097 4500
001 52721
100 _aRice J G
245 _aBuild Program Technique
260 _aNew York
_bJohn Wiley
_c
090 _c33165
_d33165
942 _aNUST-CAE
_cM
_c25742
999 _c287794
_d287794